West's business law : (Record no. 16709)
[ view plain ]
| 000 -LEADER | |
|---|---|
| fixed length control field | 01096cam a2200193 a 4500 |
| 020 ## - INTERNATIONAL STANDARD BOOK NUMBER | |
| ISBN | 0314042202 (hard : alk. paper) |
| 040 ## - CATALOGING SOURCE | |
| Transcribing agency | DLC |
| 082 ## - DEWEY DECIMAL CLASSIFICATION NUMBER | |
| Classification number | 346 WES 1995 A108 Or. |
| 245 00 - TITLE STATEMENT | |
| Title | West's business law : |
| Remainder of title | text, cases, legal, ethical, regulatory, and international environment / |
| 250 ## - EDITION STATEMENT | |
| Edition statement | 6th ed. |
| 260 ## - PUBLICATION, DISTRIBUTION, ETC. (IMPRINT) | |
| Place of publication | Minneapolis/St. Paul : |
| Name of publisher | West Pub. Co., |
| Year of publication | c1995. |
| 300 ## - PHYSICAL DESCRIPTION | |
| Number of Pages | 1 v. (various pagings) : |
| Other physical details | ill., forms ; |
| Dimensions | 27 cm. + |
| Accompanying material | instructor's manual. |
| 500 ## - GENERAL NOTE | |
| General note | Accompanied by: Answers to questions and case problems (xvii, 309 p.); Test bank (xiv, 817 p.); Study guide (viii, 768 p.); Handbook of selected statutes (vii, 44 p.); Study guide/outline (xviii, 462, 49 p.); Instructor's course planning guide and media handbook (xvi, 221 p.); Instructor's manual for The Drama of the law, and The drama of the law, part II (xvi, 213 p.) which also accompanies West's business law, alternate ed., 6th ed.; Business law and the CPA exam (x, 226 p.). |
| 500 ## - GENERAL NOTE | |
| General note | Includes index. |
| 650 #0 - SUBJECT ADDED ENTRY--TOPICAL TERM | |
| Topical Term | Commercial law |
| 650 #0 - SUBJECT ADDED ENTRY--TOPICAL TERM | |
| Topical Term | Commercial law |
| 700 1# - ADDED ENTRY--PERSONAL NAME | |
| Personal name | Clarkson, Kenneth W. |
| 942 ## - ADDED ENTRY ELEMENTS (KOHA) | |
| Koha item type | សៀវភៅភាសាអង់គ្លេស |
| 952 ## - LOCATION AND ITEM INFORMATION (KOHA) | |
| Withdrawn status [LOCAL, KOHA] | 0 |
| Permanent Location | Date acquired | Koha item type | Lost status | Shelving location | Barcode | Current Location | Full call number |
|---|---|---|---|---|---|---|---|
| Library Block A | 2018-03-28 | សៀវភៅភាសាអង់គ្លេស | A108 | A24420 | Library Block A | 346 WES 1995 A108 Or. |